LEADER 01874nam 2200433 450 001 000016263 005 20050718115600.0 010 $a90-277-2639-6$b(vol. 2.) 100 $a20030905d1988----km-y0itay0103----ba 101 0 $aeng 102 $aNL 200 1 $aVariational principles of continuum mechanics with engineering applications$fVadim Komkov 210 $aDordrecht [etc.]$cD. Reidel Publishing Company$dc1988 215 $av.$d23 cm. 225 2 $aMathematics and its applications$v40 327 0 $aVol. 2.: Introduction to optimal design theory. - c1988. - VIII, 276 p. 410 0$12001$aMathematics and its applications 559 1 $aIntroduction to optimal design theory 606 $aMeccanica dei continui 606 $aCalcolo delle variazioni 676 $a531$v(21. ed.)$9Meccanica classica Meccanica dei solidi 691 $a74Axx$9Mechanics of deformable solids. Generalities, axiomatics, foundations of continuum mechanics of solids 691 $a49S05$9Calculus of variations and optimal control; optimization. Variational principles of physics 700 1$aKomkov,$bVadim$056546 801 0$aIT$bUniversità della Basilicata - B.I.A.$gRICA$2unimarc 912 $a000016263 996 $aVariational principles of continuum mechanics with engineering applications$982416 997 $aUNIBAS BAS $aMONSCI BAS $aSCIENZE CAT $aEXT003$b01$c20030905$lBAS01$h1334 CAT $aEXT003$b01$c20030905$lBAS01$h1336 CAT $c20050601$lBAS01$h1755 CAT $abatch$b01$c20050718$lBAS01$h1053 CAT $c20050718$lBAS01$h1112 CAT $c20050718$lBAS01$h1142 CAT $c20050718$lBAS01$h1156 FMT Z30 -1$lBAS01$LBAS01$mBOOK$1BASA5$ADipartimento Matematica$2GEN$BCollezione generale$3MAT$6483$5M483$820030905$b2$eVIII, 276$f51$FRiservati$hVol. 2.: Introduction to optimal design theory